000 00901nam a2200217Ia 4500
999 _c37941
_d37941
001 3922
003 GE_BSU
005 20190916114201.0
008 181216s1955||||ge |||||||||||||| ||geo||
040 _cGE_BSU
041 _ageo
080 _a30(092)+32.001(092) ზ–39
100 _aზაქარიაძე, გ.
_94011
245 _aნიკო ნიკოლაძის სოციალურ–პოლიტიკური შეხედულებანი /
_cრედ. ი. ყიფიანი.
264 _aთბ. :
_b სახელგამი,
_c1955.
300 _a288 გვ. ;
_b17 სმ.
600 _aნიკოლაძე ნიკო
_93865
653 _aქართული საზოგადოებრივი აზრის ისტორია
700 _aყიფიანი, ი.
_eრედაქტორი
_94012
942 _cBK
_2udc